Christian marriage and family relationships : a teaching resource syllabus /

保存先:
書誌詳細
第一著者: Wright, H.Norman
フォーマット: 図書
言語:英語
出版事項: California : Church, 1972.
主題:
タグ: タグ追加
タグなし, このレコードへの初めてのタグを付けませんか!

MARC

LEADER 00000cam a22000002a 4500
001 0000004173
003 DAYSTAR
005 20171002014304.0
008 030703s1972 cau 001 0 eng d
040 |a Daystar 
040 |d Kmbae 
050 1 |a BV4438  |b .W74 
100 1 |a Wright, H.Norman. 
245 1 0 |a Christian marriage and family relationships :  |b a teaching resource syllabus /  |c H.Norman Wright. 
260 |a California :  |b Church,  |c 1972. 
300 |a 97 p. 
504 |a Includes bibliography. 
650 0 |a Family  |x Pastoral counselling of. 
650 0 |a Marriage  |x Religious aspects. 
908 |a 060412 
942 |c G 
952 |0 0  |1 0  |4 0  |6 BV_4438_000000000000000_W74  |7 0  |9 204  |a DUA  |b DUA  |c OS  |d 2017-09-28  |l 0  |o OS BV4438.W74  |p BK022177  |r 2017-09-28 00:00:00  |w 2017-09-28  |x 42725  |y G 
999 |c 141  |d 141